5HLuxD.jpg

KING HENRY VIII SENIOR AND PRIMARY SCHOOL LIBRARY OPAC

The four obsessions of an extraordinary executive : (Record no. 3344)

000 -LEADER
fixed length control field 00661cam a22002294a 4500
001 - CONTROL NUMBER
control field 12009903
003 - CONTROL NUMBER IDENTIFIER
control field OSt
005 - DATE AND TIME OF LATEST TRANSACTION
control field 20231120152125.0
008 - FIXED-LENGTH DATA ELEMENTS--GENERAL INFORMATION
fixed length control field 000516s2000 caua 000 0 eng
010 ## - LIBRARY OF CONGRESS CONTROL NUMBER
LC control number 00009560
020 ## - INTERNATIONAL STANDARD BOOK NUMBER
International Standard Book Number 9780787954031
040 ## - CATALOGING SOURCE
Original cataloging agency DLC
Transcribing agency DLC
Modifying agency DLC
-- KH8
042 ## - AUTHENTICATION CODE
Authentication code pcc
082 ## - DEWEY DECIMAL CLASSIFICATION NUMBER
Classification number 658.409 LEN
100 1# - MAIN ENTRY--PERSONAL NAME
Personal name Lencioni, Patrick,
Dates associated with a name 1965-
Relator term author.
245 10 - TITLE STATEMENT
Title The four obsessions of an extraordinary executive :
Remainder of title A leadership fable /
Statement of responsibility, etc. Patrick Lencioni.
250 ## - EDITION STATEMENT
Edition statement 1st ed.
260 ## - PUBLICATION, DISTRIBUTION, ETC.
Place of publication, distribution, etc. San Francisco :
Name of publisher, distributor, etc. Jossey-Bass,
Date of publication, distribution, etc. c2000.
300 ## - PHYSICAL DESCRIPTION
Extent xvi, 183 p. :
Other physical details ill. ;
Dimensions 22 cm.
650 #0 - SUBJECT ADDED ENTRY--TOPICAL TERM
Topical term or geographic name entry element Executives
Form subdivision Fiction.
942 ## - ADDED ENTRY ELEMENTS (KOHA)
Source of classification or shelving scheme
Koha item type Books - Non Ficton
Holdings
Withdrawn status Lost status Source of classification or shelving scheme Damaged status Not for loan Collection code Permanent Location Current Location Shelving location Date acquired Full call number Barcode Date last seen Price effective from Koha item type
          Non-Fiction KH8 Senior School Library KH8 Senior School Library Non Fiction 2023-11-20 658.409LEN 3KHSL000101998 2023-11-20 2023-11-20 Books - Non Ficton

Powered By KH8 IT Dept